Ereignisse des 4. Jahrhunderts - Statistiken

Allgemein
  • Dieses Quiz wurde 42 mal gespielt
  • Das Durchschnittsergebnis liegt bei 8 aus 15
Antwortstatistiken
Hint Extra Hint Antwort % Korrekt
An den Petersdom wird ein Atrium angebaut. Vatikanstadt
83%
Samudragupta erweitert das Gebiet des Gupta-Reiches. 335-380 Indien
80%
Das Aksumitische Reich ist der erste afrikanische Staat, der das Christentum als Staatsreligion übernimmt. 325-328 Äthiopien
77%
Siyaj Kʼakʼ erobert Waka, Tikal und Uaxactun. 378 Guatemala
77%
Nach dem Tod von Kaiser Theodosius I. wird das Römische Reich endgültig in West und Ost geteilt. 395 Italien
71%
Periode der Sechzehn Reiche der fünf Barbaren 304-439 China
57%
Das Reich von Kusch wird vom Aksumitischen Reich erobert. um 350 Sudan
57%
In der Schlacht von Singara erleiden sowohl die Römer als auch die Sassaniden heftige Verluste. 344 Irak
51%
Das Königreich Goguryeo erobert die Lelang-Kommandantur. 313 Nordkorea
49%
Das Erste Konzil von Nicäa, das erste ökomenische Konzil, findet statt. 325 Türkei
49%
Dieses Land erhebt als erstes das Christentum zur Staatsreligion. 301 Armenien
46%
Nach der verlorenen Schlacht am Mons Seleucus begeht der Usurpator Maxentius Selbstmord. 353 Frankreich
37%
Sterbeort von Kaiser Diokletian, dem ersten römischen Kaiser, der abdankte. 311/12 Kroatien
34%
Plötzlicher Tod Kaiser Valentinians während Verhandlungen mit den Quaden. 375 Ungarn
26%
Hieronymus schreibt die "Vulgata", die erste vollständige Übersetzung der Bibel ins Lateinische. 382-405 Israel
17%
Keine übereinstimmenden Quizze gefunden
Verteilung der Resultate
Anzahl Personen mit jedem Resultat
Perzentil nach korrekt beantworteten Fragen
Ihre Resultats-Entwicklung
Sie haben dieses Quiz noch nicht gespielt